000 00793nam a2200217Ia 4500
999 _c36630
_d36630
001 2550
003 GE_BSU
005 20190522180316.0
008 181216s||||||||ge |||||||||||||| ||geo||
040 _cGE_BSU
041 _ageo
080 _a94(479.22) კ–49
100 _aკიკვიძე, აბელ
_91504
245 _b(1861-1921 წწ) /
_aსაქართველოს ისტორია XIX-XX სს :
_cაბელ კიკვიძე,
264 _aთბილისი :
_bთბილ. უნ-ტის გამ-ბა,
_c1959.
300 _a417 გვ.;
_b23 სმ.
504 _aბიბლიოგრ. შენიშვნებში.
541 _h15ლ.
653 _aსაქართველოს ისტორია
942 _cBK
_2udc